Statistics for Every Episode of It's Always Sunny in Philadelphia

Click here to take the quiz!

General Stats

  • This quiz has been taken 185 times
    (168 since last reset)
  • The average score is 66 of 159

Answer Stats

HintEpisode% Correct
Season 11The Gang Gets Racist
89%
Season 14Charlie Has Cancer
78%
Season 77Chardee MacDennis: The Game of Games
76%
Season 65Mac and Charlie: White Trash
76%
Season 41Mac and Dennis: Manhunters
76%
Season 95Mac Day
74%
Season 15Gun Fever
65%
Season 45Mac and Charlie Die (Part 1)
65%
Season 46Mac and Charlie Die (Part 2)
65%
Season 510The DENNIS System
65%
Season 155The Gang Goes to Ireland
65%
Season 23Dennis and Dee Go on Welfare
63%
Season 610Charlie Kelly: King of the Rats
61%
Season 12Charlie Wants an Abortion
61%
Season 104Charlie Work
61%
Season 119The Gang Goes to Hell
61%
Season 1110The Gang Goes to Hell: Part 2
61%
Season 121The Gang Turns Black
61%
Season 413The Nightman Cometh
61%
Season 111Chardee MacDennis 2: Electric Boogaloo
59%
Season 24Mac Bangs Dennis' Mom
59%
Season 63The Gang Buys a Boat
59%
Season 13Underage Drinking: A National Concern
59%
Season 49Dennis Reynolds: An Erotic Life
57%
Season 31The Gang Finds a Dumpster Baby
57%
Season 42The Gang Solves the Gas Crisis
57%
Season 58Paddy's Pub: Home of the Original Kitten Mittens
54%
Season 48Paddy's Pub: The Worst Bar in Philadelphia
54%
Season 145The Gang Texts
54%
Season 712The High School Reunion
54%
Season 713The High School Reunion Part 2: The Gang's Revenge
54%
Season 116Being Frank
52%
Season 86Charlie's Mom Has Cancer
52%
Season 143Dee Day
52%
Season 1310Mac Finds His Pride
52%
Season 22The Gang Goes Jihad
52%
Season 67Who Got Dee Pregnant?
52%
Season 126Hero or Hate Crime?
50%
Season 710How Mac Got Fat
50%
Season 115Mac & Dennis Move to the Suburbs
50%
Season 101The Gang Beats Boggs
50%
Season 133The Gang Beats Boggs: Ladies' Reboot
50%
Season 32The Gang Gets Invincible
50%
Season 312The Gang Gets Whacked (Part 1)
50%
Season 313The Gang Gets Whacked (Part 2)
50%
Season 54The Gang Gives Frank an Intervention
50%
Season 34The Gang Gets Held Hostage
48%
Season 122The Gang Goes to a Water Park
48%
Season 55The Waitress is Getting Married
48%
Season 47Who Pooped the Bed?
48%
Season 21Charlie Gets Crippled
46%
Season 210Dennis and Dee Get a New Dad
46%
Season 62Dennis Gets Divorced
46%
Season 25Hundred Dollar Baby
46%
Season 61Mac Fights Gay Marriage
46%
Season 107Mac Kills His Dad
46%
Season 74Sweet Dee Gets Audited
46%
Season 315The Gang Dances Their Asses Off
46%
Season 26The Gang Gives Back
46%
Season 72The Gang Goes to the Jersey Shore
46%
Season 52The Gang Hits the Road
46%
Season 88Charlie Rules the World
43%
Season 612Dee Gives Birth
43%
Season 38Frank Sets Sweet Dee on Fire
43%
Season 411The Gang Cracks the Liberty Bell
43%
Season 27The Gang Exploits a Miracle
43%
Season 16The Gang Finds a Dead Guy
43%
Season 106The Gang Misses the Boat
43%
Season 36The Gang Solves the North Korea Situation
43%
Season 57The Gang Wrestles for the Troops
43%
Season 613A Very Sunny Christmas
41%
Season 98Flowers for Charlie
41%
Season 310Mac is a Serial Killer
41%
Season 810Reynolds vs. Reynolds: The Cereal Defense
41%
Season 89The Gang Dines Out
41%
Season 51The Gang Exploits the Mortgage Crisis
41%
Season 102The Gang Group Dates
41%
Season 154The Gang Replaces Dee With a Monkey
41%
Season 129A Cricket's Tale
39%
Season 75Frank's Brother
39%
Season 71Franks Pretty Woman
39%
Season 92Gun Fever Too: Still Hot
39%
Season 59Mac and Dennis Break Up
39%
Season 44Mac's Banging the Waitress
39%
Season 91The Gang Broke Dee
39%
Season 85The Gang Gets Analyzed
39%
Season 28The Gang Runs for Office
39%
Season 711Thunder Gun Express
39%
Season 314Bums: Making a Mess All Over the City
37%
Season 157Dee Sinks in a Bog
37%
Season 33Dennis and Dee's Mom is Dead
37%
Season 311Dennis Looks Like a Registered Sex Offender
37%
Season 109Frank Retires
37%
Season 410Sweet Dee Has a Heart Attack
37%
Season 153The Gang Buys a Roller Rink
37%
Season 113The Gang Hits the Slopes
37%
Season 156The Gang's Still in Ireland
37%
Season 1512020: A Year in Review
35%
Season 138Charlie's Home Alone
35%
Season 73Frank Reynolds' Little Beauties
35%
Season 94Mac and Dennis Buy a Timeshare
35%
Season 64Mac's Big Break
35%
Season 68The Gang Gets a New Member
35%
Season 79The Gang Gets Trapped
35%
Season 108The Gang Goes on Family Fight
35%
Season 99The Gang Makes Lethal Weapon 6
35%
Season 37The Gang Sells Out
35%
Season 910The Gang Squashes Their Beefs
35%
Season 93The Gang Tries Desperately to Win an Award
35%
Season 76The Storm of the Century
35%
Season 123Old Lady House: A Situation Comedy
33%
Season 97The Gang Gets Quarantined
33%
Season 611The Gang Gets Stranded in the Woods
33%
Season 82The Gang Recycles Their Trash
33%
Season 53The Great Recession
33%
Season 84Charlie and Dee Find Love
30%
Season 1210Dennis' Double Life
30%
Season 112Frank Falls Out the Window
30%
Season 158The Gang Carries a Corpse Up a Mountain
30%
Season 412The Gang Gets Extreme: Home Makeover Edition
30%
Season 152The Gang Makes Lethal Weapon 7
30%
Season 128The Gang Tends Bar
30%
Season 87Frank's Back in Business
28%
Season 511Mac and Charlie Write a Movie
28%
Season 117McPoyle vs. Ponderosa: The Trial of the Century
28%
Season 81Pop-Pop: The Final Solution
28%
Season 103Psycho Pete Returns
28%
Season 132The Gang Escapes
28%
Season 96The Gang Saves the Day
28%
Season 146The Janitor Always Mops Twice
28%
Season 56The World Series Defense
28%
Season 134Time's Up for the Gang
28%
Season 29Charlie Goes America All Over Everybody's Ass
26%
Season 69Dee Reynolds: Shaping America's Youth
26%
Season 125Making Dennis Reynolds a Murderer
26%
Season 144The Gang Chokes
26%
Season 131The Gang Makes Paddy's Great Again
26%
Season 105The Gang Spies Like U.S.
26%
Season 83The Maureen Ponderosa Wedding Massacre
26%
Season 66Mac's Mom Burns Her House Down
24%
Season 127PTSDee
24%
Season 512The Gang Reignites the Rivalry
24%
Season 1410Waiting for Big Mo
24%
Season 124Wolf Cola: A Public Relations Nightmare
24%
Season 1010Ass Kickers United: Mac and Charlie Join a Cult
22%
Season 114Dee Made a Smut Film
22%
Season 148Paddy's Has a Jumper
22%
Season 35The Aluminum Monster vs. Fatty Magoo
22%
Season 147The Gang Solves Global Warming
22%
Season 136The Gang Solves the Bathroom Problem
22%
Season 137The Gang Does a Clip Show
20%
Season 141The Gang Gets Romantic
20%
Season 78The ANTI-Social Network
17%
Season 139The Gang Wins the Big Game
17%
Season 142Thunder Gun 4: Maximum Cool
17%
Season 149A Woman's Right to Chop
15%
Season 118Charlie Catches a Leprechaun
15%
Season 43America's Next Top Paddy's Billboard Model Contest
13%
Season 135The Gang Gets New Wheels
13%

Score Distribution

Percentile by Number Answered

Percent of People with Each Score

Your Score History

You have not taken this quiz since the last reset